Detalles MARC
| 000 -CABECERA |
| campo de control de longitud fija |
00976nam a2200229 a 4500 |
| 001 - NÚMERO DE CONTROL |
| campo de control |
000037290 |
| 005 - FECHA Y HORA DE LA ÚLTIMA TRANSACCIÓN |
| campo de control |
20200930080252.0 |
| 008 - DATOS DE LONGITUD FIJA--INFORMACIÓN GENERAL |
| campo de control de longitud fija |
120321s1993 sp 001 0 spa d |
| 020 ## - NÚMERO INTERNACIONAL ESTÁNDAR DEL LIBRO |
| Número Internacional Estándar del Libro |
8486839467 |
| 040 ## - FUENTE DE LA CATALOGACIÓN |
| Centro catalogador/agencia de origen |
DO-SdBNP |
| Lengua de catalogación |
spa |
| Centro/agencia transcriptor |
BNPHU |
| 041 17 - CÓDIGO DE LENGUA |
| Código de lengua del texto/banda sonora o título independiente |
spa |
| Código de lengua del sumario o resumen |
alem |
| Fuente del código |
fre |
| 245 00 - MENCIÓN DE TÍTULO |
| Título |
Ciudad y comunidad cívica en Hispania : |
| Resto del título |
siglos II y III d.C. = Cité et communauté civique en Hispania / |
| Mención de responsabilidad, etc. |
contributions de, Javier Arce ... et al. |
| 246 13 - FORMA VARIANTE DE TÍTULO |
| Título propio/Titulo breve |
Cité et communauté civique en Hispania |
| 260 ## - PUBLICACIÓN, DISTRIBUCIÓN, ETC. |
| Lugar de publicación, distribución, etc. |
Madrid : |
| Nombre del editor, distribuidor, etc. |
Consejo Superior de Investigaciones Científicas, (España), |
| Fecha de publicación, distribución, etc. |
1993. |
| 300 ## - DESCRIPCIÓN FÍSICA |
| Extensión |
218 p. ; |
| Dimensiones |
25 cm. |
| 490 1# - MENCIÓN DE SERIE |
| Mención de serie |
Casa de Velázquez ; |
| Designación de volumen o secuencia |
40 |
| 500 ## - NOTA GENERAL |
| Nota general |
actes du colloque organisépar la Casa de Velázquez et par le Consejo Superior de Investigaciones Científicas, Madrid, 25-27 janvier 1990 |
| 500 ## - NOTA GENERAL |
| Nota general |
Incluye índice |
| 546 ## - NOTA DE LENGUA/LENGUAJE |
| Nota de lengua/lenguaje |
Textos en : Francé, alemán y español |
| 710 2# - PUNTO DE ACCESO ADICIONAL--NOMBRE DE ENTIDAD CORPORATIVA |
| Nombre de entidad corporativa o nombre de jurisdicción como elemento de entrada |
Casa de Velázquez. |
| 9 (RLIN) |
63727 |
| 830 #0 - PUNTO DE ACCESO ADICIONAL DE SERIE-TÍTULO UNIFORME |
| Título uniforme |
Casa de Velázquez ; |
| 9 (RLIN) |
63728 |